Countries that moved to America - Statistics

General Stats
  • This quiz has been taken 1,267 times
  • The average score is 10 of 12
Answer Stats
Relative Population in the US Answer % Correct
620% Ireland
98%
27% Italy
94%
50% Germany
93%
21% Spain
91%
23% Poland
86%
38% England
84%
96% Scotland
84%
42% Sweden
84%
74% Wales
83%
71% Norway
82%
25% Denmark
76%
22% Lithuania
40%
No matching quizzes found
Score Distribution
Percent of People with Each Score
Percentile by Number Answered
Your Score History
You have not taken this quiz